| 000 | 01477nam2a2200277 4500 | ||
|---|---|---|---|
| 001 | rc\2845368 | ||
| 005 | 20110706155221.0 | ||
| 035 | _a(NLR Aleph) 007001241 | ||
| 090 |
_a13575463 _c13575463 |
||
| 100 | _a20110706d1931 |||y0rusy50 ca | ||
| 101 | 0 | _arus | |
| 102 | _aRU | ||
| 105 | _aac z ||||| | ||
| 200 | 1 |
_aКлиника болезней кожи _fПри участии М.А. Агроника, С.И. Богданова, А.А. Боголепова ... [и др.] _gПод ред. А.П. Иордана |
|
| 210 | _d1931 | ||
| 215 |
_aXIII, 710 с., 2 с. объявл., 17 вкл. л. красоч. ил. и портр. _cил., портр. |
||
| 320 | _aБиблиогр.: "Литература" к каждой главе | ||
| 461 | 0 |
_1001rc\2845367 _12001#$aОсновы клинической, экспериментальной и социальной венерологии и дерматологии$eТ. 1-$fПод ред. проф. В.М. Броннера, А.П. Иордана, Г.И. Мещерского ... [и др.]$gОбщ. ред. директор Гос. венерол. ин-та Н.С. Эфрон ...$gГос. венерол. ин-т им. проф. В. М. Броннера$vТ. 1 |
|
| 702 | 1 |
_aАгроник _bМ. А. _4570 |
|
| 702 | 1 |
_aБогданов _bС. И. _4570 |
|
| 702 | 1 |
_aБоголепов _bА. А. _4570 |
|
| 801 | 0 |
_aRU _bNLR _gpsbo |
|
| 801 | 1 |
_aRU _bELAR _2rusmarc |
|
| 852 |
_aNLR _j31-19/542(1) |
||
| 942 | _cBOOK | ||
| 980 | _aNB | ||